Statistics for Taylor Swift "Style" lyrics

Click here to take the quiz!

General Stats

  • This quiz has been taken 1,447 times
  • The average score is 295 of 354

Answer Stats

Hint Answer % Correct
a
99%
a
99%
a
99%
a
99%
you
98%
you
98%
I
98%
I
98%
I
98%
I
98%
I
98%
you
98%
I
98%
you
98%
I
98%
You
98%
you
98%
you
98%
I
98%
I
98%
I
98%
you
98%
I
98%
I
98%
You
98%
you
98%
You
98%
You
98%
I
98%
I
98%
you
98%
And
97%
And
97%
And
97%
and
97%
And
97%
and
97%
And
97%
and
97%
and
97%
And
97%
and
97%
And
97%
And
97%
and
97%
And
97%
And
97%
go
96%
go
96%
go
96%
go
96%
go
96%
go
96%
go
96%
go
96%
go
96%
go
96%
go
96%
go
96%
go
96%
go
96%
go
96%
style
95%
of
95%
of
95%
of
95%
style
95%
of
95%
style
95%
of
95%
style
95%
of
95%
style
95%
of
95%
style
95%
style
95%
of
95%
of
95%
style
95%
style
95%
we
94%
we
94%
that
94%
we
94%
that
94%
we
94%
we
94%
out
94%
We
94%
out
94%
that
94%
that
94%
out
94%
We
94%
out
94%
we
94%
that
94%
we
94%
that
94%
that
94%
that
94%
out
94%
out
94%
We
94%
out
94%
we
94%
we
94%
we
94%
that
94%
that
94%
we
94%
that
94%
out
94%
we
94%
that
94%
We
94%
that
94%
we
94%
we
94%
out
94%
out
94%
we
94%
that
94%
in
93%
in
93%
in
93%
in
93%
never
92%
got
92%
me
92%
me
92%
me
92%
never
92%
never
92%
me
92%
never
92%
never
92%
got
92%
got
92%
got
92%
got
92%
never
92%
never
92%
got
92%
got
92%
never
92%
got
92%
never
92%
got
92%
got
92%
me
92%
He
91%
He
91%
come
90%
come
90%
come
90%
come
90%
come
90%
come
90%
red
88%
your
88%
like
88%
eye
88%
red
88%
like
88%
your
88%
eye
88%
red
88%
like
88%
your
88%
eye
88%
time
87%
look
87%
lip
87%
look
87%
time
87%
long
87%
lip
87%
thing
87%
thing
87%
back
87%
Long
87%
time
87%
back
87%
back,
87%
time
87%
back
87%
back,
87%
long
87%
back
87%
back
87%
look
87%
lip
87%
thing
87%
time
87%
time
87%
every
84%
dream
84%
every
84%
No
84%
day
84%
dream
84%
every
84%
day
84%
day
84%
every
84%
every
84%
dream
84%
the
84%
James
83%
down,
83%
Dean
83%
down,
83%
Dean
83%
down,
83%
classic
83%
Dean
83%
James
83%
James
83%
classic
83%
down,
83%
down,
83%
classic
83%
girl
82%
when
82%
girl
82%
girl
82%
girl
82%
when
82%
when
82%
when
82%
up
82%
when
82%
skirt,
81%
skirt,
81%
crashing
80%
hair,
80%
Midnight,
80%
crashing
80%
crashing
80%
crashing
80%
crashing
80%
hair,
80%
white
80%
white
80%
pick
79%
t-shirt
79%
little
79%
t-shirt
79%
little
79%
Cause
78%
Cause
78%
Cause
78%
been
78%
been
78%
Cause
78%
Cause
78%
it
78%
Cause
78%
it
78%
cause
78%
been
78%
drive,
77%
So
77%
heard
77%
headlights
77%
heard
77%
heard
77%
tight
76%
good
76%
tight
76%
good
76%
to
75%
but
72%
but
72%
Can't
71%
can't
71%
take
70%
take
70%
Take
70%
with
69%
have
68%
Some
68%
some
68%
about
68%
about
68%
other
67%
other
67%
it's
67%
from
67%
it's
67%
eyes
67%
on
67%
his
66%
home
66%
home
66%
home
66%
paradise
66%
his
66%
home
66%
while
66%
since
65%
Just
64%
Just
64%
I've
64%
road
64%
what
64%
just
64%
even
64%
thinking
63%
keep
63%
end
62%
Know
62%
stop
62%
said
61%
say
61%
slicked
61%
true
61%
you've
61%
slicked
61%
there
61%
flames
61%
off,
60%
off
60%
round
59%
few
59%
round
59%
goes
58%
or
58%
times
58%
too
57%
leave
57%
could
57%
each
56%
where
56%
are
55%
Takes
55%
tell
53%
exactly
53%
he's
52%
taking
52%
should
52%
leads
52%
says,
51%
coat
51%
Lights
51%
Watch
51%
into
50%
view,
50%
us
49%
faith
49%
faith
49%
Fade
49%
wide
33%

Score Distribution

Percentile by Number Answered

Percent of People with Each Score

Your Score History

You have not taken this quiz